000 01067nam a22003257a 4500
003 CHAP
005 20220329133904.0
008 971013s1972 us r 00010 d
010 _a12309
011 _a13281
035 _a17352
040 _cCHAP
082 1 0 _a628.53
_bG5
100 0 0 _aGiddings, J. Calvin.
_947889
245 1 0 _aOur chemical environment
_c/por J. Calvin Giddings
260 _aSan Francisco :
_bCanfield,
_c1972
300 _a367 p. :
_bilus.
590 _aBATCH-UPD
_b10
_c20130110
_lUCH01
_h0124
590 _aBATCH-UPD
_b10
_c20130110
_lUCH01
_h0904
590 _aBATCH-UPD
_b10
_c20130410
_lUCH01
_h0531
590 _aBATCH-UPD
_b10
_c20130913
_lUCH01
_h2327
590 _aCONVERSION
_b10
_c20130109
_lUCH01
_h1308
650 1 4 _aAgua
_xContaminación.
_92351
650 1 4 _aAire
_xContaminación.
_93138
650 1 4 _aImpacto ambiental.
_957465
901 _aBK
942 _cLIBRO
949 _a628.53 G5
_bBC
_cLIBRO
_d33724000025599
_eLIBRO
_h28825
_i17352
_si
949 _a628.53 G5
_bBC
_cLIBRO
_d33724002244842
_eLIBRO
_fc.2
_gDonaciØn
_h115338
_i17352
_sb
999 _c12309
_d12309